Представление документа в формате RUSMARC

ПолеНазваниеЗначение
  Тип записи i
  Библиографический уровень m
001 Контрольный номер RU/IS/BASE/487935798
005 Дата корректировки 20201206204947.5
010 Индекс ISBN __
a ISBN 978-5-9614-1692-3 (в кор.)
d Цена 460-69
100 Данные общей обработки __
a Данные общей обработки 19150617d2013||||||| 0rusy0189 ca
101 Язык документа 0_
a Язык текста rus
102 Страна публикации __
a Страна публикации ru|
105 Кодированные данные (монография) __
a Кодированные данные (монография) nn|||||||||zy
127 Кодированные данные (звукозаписи-физические характеристики) __
a Продолжительность проигрывания 13 ч 30 мин
200 Заглавие и сведения об ответственности 1_
a Заглавие Атлант расправил плечи
e Сведения, относящиеся к заглавию [аудиокнига : 16+]
f Первые сведения об ответственности Айн Рэнд ; [текст читают: В. Попов и др. ; перевод Ю. Соколова]
b Общее обозначение материала Звукозапись
210 Выходные данные __
a Место издания Москва
c Издательство Альпина Паблишер
d Дата издания 2013
215 Физическое описание __
a Объем 2 электрон. опт. диска (Audio CD)
c Иллюстрации/тип воспроизводства mp3, stereo
d Формат 19х14 см
230 Специфическая характеристика материала: электронные ресурсы __
a Обозначение и объем ресурса Электронные звуковые данные
323 Примечание о главных создателях, исполнителях, участниках __
a Примечание о главных создателях, исполнителях, участниках Попов, В. (читает)
323 Примечание о главных создателях, исполнителях, участниках __
a Примечание о главных создателях, исполнителях, участниках Домаш, Ю. (читает)
323 Примечание о главных создателях, исполнителях, участниках __
a Примечание о главных создателях, исполнителях, участниках Ананьев, С. (читает)
330 Аннотация __
a Аннотация Айн Рэнд - наша бывшая соотечественница, крупнейшая американская писательница, автор художественных бестселлеров "Атлант расправил плечи", "Источник" - книг, оказавших мощнейшее влияние на мировоззрение людей во всем мире. Создатель философской концепции, в основе которой лежит принцип свободы воли, главенство рациональности и "нравственность разумного эгоизма". Ее книги читает весь мир, в США ее романы переиздаются из года в год и по совокупности тиражей конкурируют с Библией. Всемирное признание Айн Рэнд нетрудно объяснить: исключительный дар предвидения в самых разных областях - политике, бизнесе, экономике, общественных отношениях - в сочетании с художественной одаренностью принес ей славу большого писателя и проницательного мыслителя. "Атлант расправил плечи", самое значимое произведение своей жизни, она писала 12 лет.
333 Примечание о целевом назначении __
a Примечание о целевом назначении 16+. Для детей старше 16 лет
337 Примечание о системных требованиях (электронные ресурсы) __
a Примечание о системных требованиях (электронные ресурсы) Системные требования: MS Windows ; Pentium 100 ; RAM 16 Mb; CD-ROM; SVGA 800x600; звуковая карта; аудиосистемы с поддержкой MP3
606 Тематические рубрики __
a Основная рубрика Художественная литература
606 Тематические рубрики __
a Основная рубрика Литература Америки (произведения)
y Географическая подрубрика Соединенные Штаты Америки
606 Тематические рубрики __
z Хронологическая подрубрика 20 в.
y Географическая подрубрика США
610 Ключевые слова __
a Ключевые слова американская литература
a Ключевые слова зарубежная литература
a Ключевые слова иностранная литература
a Ключевые слова проза
a Ключевые слова радиопостановки
a Ключевые слова тема власти
a Ключевые слова тема предпринимателей
a Ключевые слова тема чиновников
686 Индексы других классификаций __
2 Код системы rubbks
a Классификационный индекс 84(7Сое)6-4я04
700 Автор _1
a Фамилия Рэнд
b Имя А.
c Титул (звания) Розенбаум, А. З.
f Даты 1905-1982
g Полное личное имя Айн
4 Код отношения 070
702 Вторичная интеллектуальная ответственность _1
a Фамилия Соколов
b Имя Ю.
4 Код отношения Переводчик
4 Код отношения 730
801 Источник записи _0
a Страна ru
b Организация Муниципальное бюджетное учреждение культуры "Централизованная библиотечная система" г. Сургут (Центральная городская библиотека им. А. С. Пушкина)
c Дата составления 20150617
g Правила каталогизации КиК/Коробейникова
801 Источник записи _1
a Страна ru
b Организация Муниципальное бюджетное учреждение культуры "Централизованная библиотечная система" г. Сургут (Центральная городская библиотека им. А. С. Пушкина)
c Дата составления 20150617
g Правила каталогизации КиК/Коробейникова
852 Данные о местонахождении __
j Шифр хранения 84(7Сое)6-4я04
i Авторский знак Р 96
901 Тип документа 1_
t Тип документа 0
903 Характеристики (МАРС) __
a Дата передачи 20150618
969 Тип издания __
a Тип издания издание для слепых; аудиокнига
990 Данные о заказе (DOS) __
j Количество экземпляров (DOS) 3
t N записи в КСУ для И/У (DOS) 201506